Statistiques concernant Mers australes

Cliquez ici pour prendre le quiz!

Statistiques générales

  • Ce quiz a été pris 53 fois
  • Le résultat moyen est 9 sur 14

Statistiques - réponses

Mer% Correct
Mer de Ross
87%
Mer Dumont d'Urville
84%
Mer de Davis
81%
Mer de Weddell
77%
Mer des Cosmonautes
74%
Mer de l'Entente
71%
Mer de Somov
68%
Mer de Haakon VII
65%
Mer de Lazarev
65%
Mer de Riiser Larsen
58%
Mer de Mawson
48%
Mer de Charcot
39%
Mer d'Amudsen
32%
Mer de Bellinghausen
32%

Distribution des résultats

Percentile par nombre de réponses

% des personnes avec chaque résultat

Votre développement - résultats

Vous n’avez pas pris ce quiz